004970000a2200145000450024501280000065000280012865000150015665000220017165100340019304100130022770000220024070000230026210000190028577300470030410aComparative phenological studies of treelet and shrub species in tropical wet and dry forests in the Lowlands of Costa Rica14aFenología comparativa14aBotánica14aCobertura vegetal 4lLa SelvadHerediapCosta Rica0 aInglés1 aBaker, Herbert G.1 aFrankie, Gordon W.1 aOpler, Paul A.1 tJournal of Ecology3249q167-188d1980g68